000 00566nam a2200181Ia 4500
003 GCL
008 140319s9999 xx 000 0 ara d
040 _aGCL /
_cGCL
082 0 4 _a660.33
_bس ك
100 1 _aستايف، هلموت
245 1 0 _aالكيمياء الصناعية /
_cستايف، هلموت
700 1 _aمحمد اسماعيل عبداللطيف
260 _aالقاهرة :
_bدار الاهرام
300 _a219 ص
490 _aالاسس التكنولوجية
_v0
650 0 4 _aالكيمياء الصناعية
942 _2ddc
_cBK
999 _c52667
_d52667